| 000 | 00765cam a2200289 i 4500 | ||
|---|---|---|---|
| 001 | 160510 | ||
| 003 | TR-AnTOB | ||
| 005 | 20240514161021.0 | ||
| 007 | ta | ||
| 008 | 161110s2003 tu 000 0 tur d | ||
| 040 |
_aTR-AnTOB _beng _erda _cTR-AnTOB |
||
| 041 | 0 | _atur | |
| 050 | _aDS51.M36 | ||
| 090 | _aDS51.M36 | ||
| 110 | 2 |
_aMenemen Ticaret Odası _967188 |
|
| 245 | 0 | _aGeçmişten günümüze Menemen 2003. | |
| 264 | 1 |
_aMenemen : _bMenemen Ticaret Odası, _c2003. |
|
| 300 |
_a104 pages ; _ccm |
||
| 336 |
_atext _btxt _2rdacontent |
||
| 337 |
_aunmediated _bn _2rdamedia |
||
| 338 |
_avolume _bnc _2rdacarrier |
||
| 653 | 5 | _aMenemen (Türkiye)--Tarih | |
| 902 | _aT000951 (022589) | ||
| 903 | _aTobb Koleksiyonu | ||
| 942 |
_2lcc _cBK |
||
| 999 |
_c160510 _d10699 |
||